Ecotourism: (Record no. 1546)

MARC details
000 -LEADER
fixed length control field 00561nam a22001697a 4500
005 - DATE AND TIME OF LATEST TRANSACTION
control field 20230303032444.0
008 - FIXED-LENGTH DATA ELEMENTS--GENERAL INFORMATION
fixed length control field 230303b |||||||| |||| 00| 0 eng d
020 ## - INTERNATIONAL STANDARD BOOK NUMBER
International Standard Book Number 978-971-9983-10-1
082 ## - DEWEY DECIMAL CLASSIFICATION NUMBER
Classification number Fil. 338.9 L732 2013
100 ## - MAIN ENTRY--PERSONAL NAME
Personal name Lim, Romeo D.
Relator term author
245 ## - TITLE STATEMENT
Title Ecotourism:
Remainder of title with tourism planning and development essentials /
Statement of responsibility, etc. Romeo D. Lim
260 ## - PUBLICATION, DISTRIBUTION, ETC.
Place of publication, distribution, etc. Manila:
Name of publisher, distributor, etc. Mindshapers,
Date of publication, distribution, etc. c2013.
300 ## - PHYSICAL DESCRIPTION
Extent x, 300p.;
Other physical details ill.
504 ## - BIBLIOGRAPHY, ETC. NOTE
Bibliography, etc. note Includes bibliographical references
541 ## - IMMEDIATE SOURCE OF ACQUISITION NOTE
Accession number 4282
650 ## - SUBJECT ADDED ENTRY--TOPICAL TERM
Topical term or geographic name entry element Tourist trade - Economic conditions - Philippines
Holdings
Withdrawn status Lost status Source of classification or shelving scheme Damaged status Not for loan Home library Current library Date acquired Total Checkouts Full call number Barcode Date last seen Copy number Price effective from Koha item type
    Dewey Decimal Classification     ctu-moalboal ctu-moalboal 11/01/2015   Fil. 338.9 L732 2013 4282 03/03/2023 1 03/03/2023 Books-Filipiniana